Forts de la Ceinture fortifiée de Strasbourg - Statistiques

Statistiques générales
  • Ce quiz a été pris 19 fois
  • Le résultat moyen est 5 sur 14
Statistiques - réponses
Commune Fort % Correct
Wolfisheim VI Fürst Bismarck/Kléber
86%
Reichstett II Moltke/Rapp
71%
Oberhausbergen V Großherzog von Baden/Pétain/Frère
43%
Niederhausbergen IV Kronprinz/Foch
43%
Holtzheim VII Kronprinz von Sachsen/Joffre
43%
Mundolsheim IIIa Podbielski/Ducrot
43%
Illkirch-Graffenstaden IX Werder/Uhrich
29%
Auenheim XII Blumenthal
14%
Neumühl XI Bose
14%
Strasbourg I Fransecky/Ney
14%
Sundheim X Kirchbach
14%
Mundolsheim III Roon/Desaix
14%
Strasbourg IXa Schwarzhoff/Hoche
14%
Geispolsheim VIII von der Tann/Lefèbvre
14%
Aucun quiz correspondant
Distribution des résultats
% des personnes avec chaque résultat
Percentile par nombre de réponses
Votre historique - résultats
Vous n’avez pas pris ce quiz